00663nam a22001931a 450000100060000000300040000600500170001000800410002702000180006808200180008610000250010424500700012925000100019926400330020930000110024249000670025350000330032065001160035318016OSt20260204212345.0170217s2014||||ck ||||||b||||||||||spa|| a9789587651065 a511.322 R571m aRobledo Potes, Jaime aMatemática Fundamental para matemáticos / Jaime Robledo Potes a4 ed. aCali : Universidad del Valle a328 p. aCEP - Banco de la República - Biblioteca Luis Ángel Arango aIncluye índice Analítico a1.MATEMÁTICAS-ENSEÑANZA 2.TEORÍA DE CONJUNTOS 3.LÓGICA SIMBÓLICA Y MATEMÁTICA 4.NÚMEROS REALESÌ